Most-Guessed JetPunk Answers #3 - Statistics

General Stats
  • This quiz has been taken 69,164 times
    42,587 since last reset
  • The average score is 14 of 20
Answer Stats
Quiz % Answer % Correct
Biggest cities In Italy 100 Rome
99%
Greek letters 99 Alpha
94%
U.S. states 96 Texas / California
93%
Largest deserts in the world 99 Sahara
91%
Largest Caribbean islands 99 Cuba
82%
Coldest world capitals 98 Moscow
82%
Countries on the Equator 93 Brazil
77%
Biggest cities in Latin America 96 Rio de Janeiro
73%
Largest islands of Greece 97 Crete
66%
Orthodox Christian countries 72 Russia
66%
Countries of Indochina 97 Vietnam
63%
Noble gases 94 Helium
60%
Major U.S. cities with the highest elevation 96 Denver
58%
Largest cities in the empire of Alexander the Great 94 Athens
56%
Countries with the least precipitation 96 Egypt
56%
Disney animated movies 92 Snow White and the Seven Dwarfs
53%
Gifts on the 12 Days of Christmas 96 Five golden rings
48%
2022 Winter Olympic sports 87 Figure skating
47%
Ranks in the U.S. Army 88 Private
47%
Roald Dahl books 91 Charlie and the Chocolate Factory
45%
No matching quizzes found
Score Distribution
Percent of People with Each Score
Percentile by Number Answered
Your Score History
You have not taken this quiz since the last reset